Για Πρώτη Φορά στην Ευρώπη: Στρατηγική Συνεργασία του Πανεπιστημίου του Χάρβαρντ με το Ι.Δ.Ε.Μ.Ε.Δ. του Ε.Β.Ε.Α. / Αφιέρωμα: Οι Προοπτικές της Οικονομίας για το 2017 (Record no. 9216)
[ view plain ]
| 000 -LEADER | |
|---|---|
| fixed length control field | 01657cam a22001814a 4500 |
| 005 - ΗΜΕΡΟΜΗΝΙΑ ΚΑΙ ΩΡΑ ΤΕΛΕΥΤΑΙΑΣ ΕΝΗΜΕΡΩΣΗΣ | |
| Πεδίο ελέγχου | 20250605164356.0 |
| 008 - FIXED-LENGTH DATA ELEMENTS--GENERAL INFORMATION | |
| Πεδίο ελέγχου σταθερού μήκους | 250528s ||||||||||||||||||||||||d |
| 035 ## - SYSTEM CONTROL NUMBER | |
| System control number | 24327 |
| 040 ## - ΠΗΓΗ ΚΑΤΑΛΟΓΟΓΡΑΦΗΣΗΣ | |
| Φορέας πρωτότυπης καταλογογράφησης | MC Athens Campus Library |
| Γλώσσα καταλογογράφησης | Ελληνικά, Μοντέρνα (1453-) |
| Modifying agency | MC Athens Campus Library |
| Κανόνες περιγραφικής καταλογογράφησης | AACR2 |
| 245 1# - ΤΙΤΛΟΣ ΚΑΙ ΔΗΛΩΣΗ ΥΠΕΥΘΥΝΟΤΗΤΑΣ | |
| Τίτλος | Για Πρώτη Φορά στην Ευρώπη: Στρατηγική Συνεργασία του Πανεπιστημίου του Χάρβαρντ με το Ι.Δ.Ε.Μ.Ε.Δ. του Ε.Β.Ε.Α. / Αφιέρωμα: Οι Προοπτικές της Οικονομίας για το 2017 |
| 260 ## - PUBLICATION, DISTRIBUTION, ETC. | |
| Name of publisher, distributor, etc. | Εμπορικό Και Βιομηχανικό Επιμελητήριο Αθηνών, |
| Date of publication, distribution, etc. | 2017 |
| 300 ## - PHYSICAL DESCRIPTION | |
| Extent | 64 |
| 520 ## - SUMMARY, ETC. | |
| Summary, etc. | Το Πρόγραμμα EaSI και οι Νέες Πρωτοβουλίες της Ε.Ε. για τους Παρόχους Μικροχρηματοδότησης και Κοινωνικής Χρηματοδότησης, Ποιό είναι Πραγματικά το Επόμενο Μεγάλο Στοίχημα της Ελληνικής Οικονομίας, Παραμένουν τα Σύννεφα στην Ελληνική Αγορά και το 2017, Ασφαλιστικό 2017: Οι Μεγάλες Ανατροπές, Δημόσια Έργα: Εν Αναμονή Σημαντικών Ολοκληρώσεων, Κοινοτική Χρηματοδότηση 1,6 δις Ευρώ Μπήκε στην Ελληνική Οικονομία το 2016, Νέα Ταμεία για την Ενίσχυση Επιχειρήσεων και Ιδιοκτητών Ακινήτων. |
| 700 1# - ΠΡΟΣΘΕΤΗ ΑΝΑΓΡΑΦΗ--ΦΥΣΙΚΟ ΠΡΟΣΩΠΟ | |
| Personal name | Μίχαλος Κωνσταντίνος |
| 9 (RLIN) | 4319 |
| 942 ## - ADDED ENTRY ELEMENTS (KOHA) | |
| Koha item type | Περιοδικά Δημοσιεύματα |
| Τύπος τεκμηρίου | Βιβλιοθήκη | Τρέχουσα τοποθεσία | Barcode | Ημερομηνία απόκτησης | Ταξιθετικό σύμβολο | Αριθμός αντιτύπου | Αρίθμηση σειρών / χρονολογία | Κατάσταση απόσυρσης | Κατάσταση χαμένου | Κατάσταση κατεστραμμένου | Μη δανεισμός | Σύνολο δανεισμών | Ημερομηνία τελευταίας εμφάνισης | Η τιμή ισχύει από |
|---|---|---|---|---|---|---|---|---|---|---|---|---|---|---|
| Περιοδικά Δημοσιεύματα | MC Athens Campus Library | MC Athens Campus Library | 9780000092151 | 05/06/2025 | ΑΝΑΠΤΥΞΗ | 1 | 1 | 05/06/2025 | 05/06/2025 |